Biotechnology : (Record no. 127760)

MARC details
000 -LEADER
fixed length control field 00658nam a22002417a 4500
005 - DATE AND TIME OF LATEST TRANSACTION
control field 20170124110030.0
010 ## - LIBRARY OF CONGRESS CONTROL NUMBER
LC control number A-235805
020 ## - INTERNATIONAL STANDARD BOOK NUMBER
Terms of availability 00.00
International Standard Book Number 9231020919
035 ## - SYSTEM CONTROL NUMBER
System control number A-235805
037 ## - SOURCE OF ACQUISITION
Source of stock number/acquisition Cen Lib/Ret
040 ## - CATALOGING SOURCE
Original cataloging agency DPL
Language of cataloging EN
082 ## - DEWEY DECIMAL CLASSIFICATION NUMBER
Classification number 578
Item number SAS
100 ## - MAIN ENTRY--PERSONAL NAME
Personal name Sasson, Albert
9 (RLIN) 21458
245 ## - TITLE STATEMENT
Title Biotechnology :
Statement of responsibility, etc by Albert Sasson
Remainder of title challenges and promises /
260 ## - PUBLICATION, DISTRIBUTION, ETC. (IMPRINT)
Place of publication, distribution, etc France
Name of publisher, distributor, etc UNESCO
Date of publication, distribution, etc 1984
270 ## - ADDRESS
City France
300 ## - PHYSICAL DESCRIPTION
Extent 315p.
Dimensions 17cm(Hb)
500 ## - GENERAL NOTE
General note Includes bibliographical references
650 ## - SUBJECT ADDED ENTRY--TOPICAL TERM
Topical term or geographic name as entry element Biotechnologies
9 (RLIN) 21459
650 ## - SUBJECT ADDED ENTRY--TOPICAL TERM
Topical term or geographic name as entry element Biology
9 (RLIN) 10215
700 ## - ADDED ENTRY--PERSONAL NAME
9 (RLIN) 21438
942 ## - ADDED ENTRY ELEMENTS (KOHA)
Source of classification or shelving scheme Dewey Decimal Classification
Koha item type English Books
Classification part 578
Call number suffix SAS
Holdings
Withdrawn status Lost status Damaged status Not for loan Home library Current library Date acquired Source of acquisition Cost, normal purchase price Total Checkouts Full call number Barcode Date last seen Copy number Cost, replacement price Price effective from Koha item type Public note
Written off       Central Library Central Library 30/06/2015 Cen Lib/Ret 0.00   578 SAS A-235805 30/06/2015 1 0.00 30/06/2015 English Books Written off on approval by DLB (By Circulation); dtd 15-06-2023

© Delhi Public Library
Hit Counter
free hit counter